000 01070nam a22003257a 4500
003 CHAP
005 20220329135230.0
008 971013s1985 r 00010 d
010 _a33021
011 _a33993
035 _a38109
040 _cCHAP
090 _aFolleto 10460
100 0 0 _aLow, A. J.
_968661
245 _aGuide to upland restocking practice
260 _aLondon :
_bHer Majesty`s Stationary Office,
_c1985
300 _a30 p.
_b: ilus.
490 _aForestry commision leaflet
_v; 84
590 _aBATCH-UPD
_b10
_c20130110
_lUCH01
_h1820
590 _aBATCH-UPD
_b10
_c20130410
_lUCH01
_h1154
590 _aBATCH-UPD
_b10
_c20130914
_lUCH01
_h1551
590 _aCONVERSION
_b10
_c20130109
_lUCH01
_h1319
650 1 4 _aReforestación.
_995474
830 0 _aForestry commision leaflet
_v; 84
_942366
901 _aBK
942 _cFOLL
949 _aFolleto 10460
_bBC
_cFOLL
_d-87163
_eTS1
_gI.c/e
_i38109
_si
949 _aFolleto 10460
_bBC
_cFOLL
_d-87165
_eTS2
_fc.2
_gI.c/e
_i38109
_si
949 _aFolleto 10460
_bBC
_cFOLL
_d-87168
_eTS2
_fc.3
_gI.c/e
_i38109
_si
999 _c33021
_d33021